000 00297 a2200121 4500
000 nam a22 7a 4500
005 20260305095223.0
020 _a9385538513
100 _aBhagwatilal Purohit
_91123532
245 _aBhujbal nibandh
260 _bGyanbharati Publications
_c2022
942 _cTEXL
999 _c1688437
_d1688437